Actualizaciones en psicopatología infantil II : (Record no. 113387)

MARC details
000 -CABECERA
campo de control de longitud fija 00790nam a2200217 a 4500
005 - FECHA Y HORA DE LA ÚLTIMA TRANSACCIÓN
campo de control 20230609063522.0
008 - ELEMENTOS DE LONGITUD FIJA--INFORMACIÓN GENERAL
campo de control de longitud fija 051123s1998 mx r 000 0 spa d
020 ## - NÚMERO INTERNACIONAL NORMALIZADO PARA LIBROS
Número Internacional Estándar del Libro 8449011965
035 ## - NÚMERO DE CONTROL DEL SISTEMA
Número de control de sistema UPN01000141240
049 ## - COLECCIÓN
Colección CG
050 #4 - SIGNATURA TOPOGRÁFICA DE LA BIBLIOTECA DEL CONGRESO
Número de clasificación RJ499
Número de documento/Ítem A3.7
245 00 - MENCIÓN DE TÍTULO
Título Actualizaciones en psicopatología infantil II :
Resto del título de cero a seis años /
Mención de responsabilidad, etc. Francesc Cuxart... [et al.] ; ed. Edelmira Doménench-Llaberia.
260 ## - PUBLICACIÓN, DISTRIBUCIÓN, ETC.
Lugar de publicación, distribución, etc. Barcelona, Esp. :
Nombre del editor, distribuidor, etc. Universitat Autonoma de Barcelona, Servei de Publicacions,
Fecha de publicación, distribución, etc. 1998.
300 ## - DESCRIPCIÓN FÍSICA
Extensión 331 p.
440 #0 - MENCIÓN DE SERIE/ASIENTO SECUNDARIO--TÍTULO
Título Ciència i tècnica ;
Designación de volumen o secuencia 11.
Nombre de parte o sección de la obra Psicologia infantil
650 #4 - ASIENTO SECUNDARIO DE MATERIA - TERMINO TEMATICO
Término de materia o nombre geográfico como elemento de entrada Psicología infantil
9 (RLIN) 90
650 #4 - ASIENTO SECUNDARIO DE MATERIA - TERMINO TEMATICO
Término de materia o nombre geográfico como elemento de entrada NIÑOS ENFERMOS MENTALES
9 (RLIN) 4374
700 1# - ASIENTO SECUNDARIO--NOMBRE DE PERSONAL
Nombre de persona Cuxart, Francesc,
Término indicativo de función/relación coaut.
700 1# - ASIENTO SECUNDARIO--NOMBRE DE PERSONAL
Nombre de persona Domènench-Llaberia, Edelmira,
Término indicativo de función/relación ed.
905 ## - TIPO DE MATERIAL
Tipo de material Libro
Holdings
Estado de retiro Estado de pérdida Fuente del sistema de clasificación o colocación Estado dañado No para préstamo Código de colección Localización permanente Ubicación/localización actual Ubicación en estantería Total de préstamos Clasificación Código de barras Fecha visto por última vez Número de copia Tipo de ítem Koha
    Library of Congress Classification     Colección General Bib. Gregorio Torres Quintero Bib. Gregorio Torres Quintero Planta baja 1 RJ499 A3.7 203917 31/12/2020 1 Libro